La región más invisibles / (Record no. 1332)

MARC details
000 -LEADER
campo de control de longitud fija 00535nam a22001817a 4500
008 - DATOS DE LONGITUD FIJA--INFORMACIÓN GENERAL
campo de control de longitud fija 171028s2017 gt||||| |||| 00| 0 spa d
020 ## - NÚMERO INTERNACIONAL ESTÁNDAR DEL LIBRO
Número Internacional Estándar del Libro 9789929559875
082 04 - NÚMERO DE LA CLASIFICACIÓN DECIMAL DEWEY
Número de clasificación 864.7
Número de ítem P344r
100 1# - ENTRADA PRINCIPAL--NOMBRE DE PERSONA
Nombre de persona Payeras, Javier.
9 (RLIN) 6051
245 13 - MENCIÓN DEL TÍTULO
Título La región más invisibles /
Mención de responsabilidad, etc. Javier Payeras.
250 ## - MENCION DE EDICION
Mención de edición 1a edición.
260 ## - PUBLICACIÓN, DISTRIBUCIÓN, ETC.
Lugar de publicación, distribución, etc. Guatemala :
Nombre del editor, distribuidor, etc. Editorial Cultura,
Fecha de publicación, distribución, etc. 2017.
300 ## - DESCRIPCIÓN FÍSICA
Extensión 156 páginas.
440 #0 - MENCIÓN DE SERIE/PUNTO DE ACCESO ADICIONAL--TÍTULO
Título Colección Ensayo
Designación de volumen o secuencia 61
9 (RLIN) 6052
653 10 - TÉRMINO DE INDIZACIÓN--NO CONTROLADO
Término no controlado Literatura Latinoamericana
653 10 - TÉRMINO DE INDIZACIÓN--NO CONTROLADO
Término no controlado Literatura - Guatemala
653 10 - TÉRMINO DE INDIZACIÓN--NO CONTROLADO
Término no controlado Ensayos
Holdings
Estatus retirado Estado de pérdida Fuente del sistema de clasificación o colocación Estado de daño No para préstamo Biblioteca de origen Biblioteca actual Ubicación en estantería Fecha de adquisición Total de préstamos Signatura topográfica completa Código de barras Visto por última vez Precio de reemplazo Tipo de ítem Koha
    Clasificación Decimal Dewey     Biblioteca LadoV Biblioteca LadoV   28/10/2017   864.7 P344r 004486 28/10/2017 28/10/2017 Material 01